| 000 | 00942cam a22003015a 4500 | ||
|---|---|---|---|
| 001 | 015964002 | ||
| 003 | EG-ScBUE | ||
| 005 | 20220102100545.0 | ||
| 008 | 110919s2012 enk f 000 1 eng d | ||
| 020 | _a9780141198842 (pbk.) | ||
| 020 | _a0141198842 (pbk.) | ||
| 040 |
_aStDuBDS _beng _erda _cStDuBDS _dUk _dEG-ScBUE |
||
| 082 | 0 | 4 |
_222 _a823.8 _bBRA |
| 100 | 1 |
_aBraddon, M. E. _q(Mary Elizabeth), _d1835-1915, _eauthor. _940148 |
|
| 245 | 1 | 0 |
_aLady Audley's secret / _cMary Elizabeth Braddon. |
| 264 | 1 |
_aLondon : _bPenguin Books, _c2012. |
|
| 300 |
_a489 pages ; _c20 cm. |
||
| 336 |
_2rdacontent _atext _btxt |
||
| 337 |
_2rdamedia _aunmediated _bn |
||
| 338 |
_2rdacarrier _avolume _bnc |
||
| 490 | 0 | _aPenguin English library | |
| 650 | 7 |
_aMarried women _vFiction. _2BUEsh _99919 |
|
| 650 | 7 |
_aDeception _vFiction. _2BUEsh _940149 |
|
| 651 | _2BUEsh | ||
| 653 |
_cJune2016 _bHHUUEENN |
||
| 655 |
_vReading book _934232 |
||
| 942 |
_2ddc _cBB |
||
| 999 |
_c21867 _d21839 |
||